Mayotte en Images - Statistiques

Statistiques générales
  • Ce quiz a été pris 103 fois
  • Le résultat moyen est 12 sur 18
Statistiques - réponses
Par images Hint Réponse % Correct
Chef-lieu Mamoudzou
92%
Animal Tortue verte
88%
Archipel Comores
87%
Catastrophe Naturel (Décembre 2024) Cyclone {Chido}
85%
Primate Maki
83%
Plante Ylang-Ylang
78%
Écosystème Mangrove
72%
Petite Île Pamanzi (Petite Terre)
72%
Ancien chef-lieu Dzaoudzi
68%
Type d'habitations Bidonville
62%
Point culminant Mont {Choungui}
62%
Lac Lac de {Dziani}
59%
Femme Politique Zéna M'Déré
56%
Épice Vanille
55%
Montagne Mont {Bénara}
50%
Groupe Éthnique Mahorais
49%
Chenal naturel Passe en S
31%
Roi de France Louis-Philippe
19%
Aucun quiz correspondant
Distribution des résultats
% des personnes avec chaque résultat
Percentile par nombre de réponses
Votre historique - résultats
Vous n’avez pas pris ce quiz